|
|
|
|
| LEADER |
02058nam a2200385 a 4500 |
| 001 |
16040924 |
| 008 |
130320r20122009enka 000 0 eng d |
| 010 |
|
|
|a 2009504259
|
| 020 |
|
|
|a 9780521186315
|
| 020 |
|
|
|a 9780521739177 (Student's bk. w/ ans.)
|
| 020 |
|
|
|a 0521739179 (Student's bk. w/ ans.)
|
| 020 |
|
|
|a 9780521739184 (CD set)
|
| 020 |
|
|
|a 0521739187 (CD set)
|
| 020 |
|
|
|a 9780521739191 (Self study pack)
|
| 020 |
|
|
|a 0521739195 (Self study pack)
|
| 040 |
|
|
|a DLC
|c DLC
|d BD-DhAAL
|
| 082 |
0 |
0 |
|a 428.0076
|2 22
|
| 245 |
0 |
0 |
|a Cambridge IELTS.
|n 7 :
|b examination papers from University of Cambridge ESOL Examinations : English for speakers of other languages.
|
| 246 |
3 |
0 |
|a IELTS 7
|
| 246 |
1 |
8 |
|a IELTS examination papers with answers
|
| 260 |
|
|
|a Cambridge :
|a New York ;
|a New Delhi :
|b Cambridge University Press,
|c c2009.[Reprinted 2012]
|
| 300 |
|
|
|a 176 p. :
|b ill. ;
|c 25 cm.+ 2 audio CDs .
|
| 490 |
0 |
|
|a Cambridge books for Cambridge exams
|
| 500 |
|
|
|a "Official examination papers from University of Cambridge ESOL examinations"--Cover.
|
| 500 |
|
|
|a Spine title: IELTS examination papers with answers.
|
| 500 |
|
|
|a Cover title: Official examination papers from University of Cambridge ESOL examinations :IELTS 7.
|
| 541 |
|
|
|e 00026724
|
| 650 |
|
0 |
|a International English Language Testing System.
|
| 650 |
|
0 |
|a English language
|v Textbooks for foreign speakers.
|
| 650 |
|
0 |
|a English language
|v Examinations, questions, etc.
|
| 710 |
2 |
|
|a University of Cambridge.
|b Local Examinations Syndicate.
|
| 852 |
1 |
|
|a Ayesha Abed Library
|c General shelf.
|
| 999 |
|
|
|c 13257
|d 13257
|
| 952 |
|
|
|0 0
|1 0
|2 ddc
|4 0
|6 428_007600000000000_CAM
|7 0
|9 22083
|a BRACUL
|b BRACUL
|c GEN
|d 2013-03-23
|e Karim International
|g 300.00
|l 7
|m 115
|o 428.0076 CAM
|p 3010026724
|r 2026-02-17
|s 2026-01-29
|t 1
|w 2013-03-23
|y BK
|x Transferred from BIL to BRACUL on 06/06/22
|
| 952 |
|
|
|0 0
|1 0
|2 ddc
|4 0
|6 428_007600000000000_CAM
|7 0
|9 22084
|a BRACUL
|b BRACUL
|c AV
|d 2013-03-23
|e Karim International
|l 0
|o 428.0076 CAM
|p 4010026724
|r 2013-03-23
|t 1
|w 2013-03-23
|y AV
|x Transferred from BIL to BRACUL on 06/06/22
|